000 00330nam a2200133Ia 4500
003 LK-CoDNM
008 010623t xxu||||| |||| 00| 1 eng d
040 _aLK-CoDNM
_dLK-CoDNM
_eLK-CoDNM
041 _aeng
245 _aA who's who in Asian and Pacific Museums
260 _bIcom Asia Agency
300 _b264p., 22 cm
942 _cBK
999 _c133526
_d133526